000 00640pam a2200181 a 4500
020 _a0309037220 (pbk.) :
082 0 0 _a380.5 s
_a625.732
_bNAT
_cD
245 0 0 _aSoil reinforcement and moisture effects on slope stability.
260 _aWashington, D.C. :
_bTransportation Research Board, National Research Council,
_c1984.
300 _aiv, 66 p. :
_bill. ;
_c28 cm.
526 _a0
_b0
_c0
_d380_500000000000000_S_NAT
650 0 _aMCE
_9379
650 0 _aSlopes (Soil mechanics)
_937705
650 0 _aSoil moisture.
_942516
650 0 _aSoil stabilization.
_913080
710 2 _aNational Research Council (U.S.).
_920017
942 _2ddc
_cBK
999 _c547462
_d547462